LEADER 01777nam 2200481z 450 001 9910702840803321 005 20230302202553.0 035 $a(CKB)3390000000045533 035 $a(SSID)ssj0000614846 035 $a(PQKBManifestationID)12227592 035 $a(PQKBTitleCode)TC0000614846 035 $a(PQKBWorkID)10605581 035 $a(PQKB)11686737 035 $a(OCoLC)469059541 035 $a(EXLCZ)993390000000045533 100 $a20160829d2008 ua 0 101 0 $aeng 135 $aurbn||||||||| 181 $ctxt$2rdacontent 182 $cc$2rdamedia 183 $acr$2rdacarrier 200 12$aA comprehensive survey of China's dynamic shipbuilding industry $ecommercial development and strategic implications /$fGabriel B. Collins, Michael C. Grubb 210 31$aNewport, R.I. :$cChina Maritime Studies Institute, U S Naval War College,$d[2008] 215 $a1 online resource (vi, 56 pages) $cillustrations, maps 225 0 $aChina maritime studies A comprehensive survey of China's dynamic shipbuilding industry 300 $aBibliographic Level Mode of Issuance: Monograph 320 $aIncludes bibliographical references (pages 45-51). 410 0$aChina maritime studies 606 $aShipbuilding industry$zChina 606 $aMerchant marine$zChina 606 $aNavies$zChina 615 0$aShipbuilding industry 615 0$aMerchant marine 615 0$aNavies 676 $a338.4/76238200951 700 $aCollins$b Gabriel B.$01351575 702 $aGrubb$b Michael C. 712 02$aNaval War College (U.S.) China Maritime Studies Institute. 801 0$bPQKB 906 $aBOOK 912 $a9910702840803321 996 $aA comprehensive survey of China's dynamic shipbuilding industry$93120573 997 $aUNINA